| 000 | 01022cad a22002775a 4500 | ||
|---|---|---|---|
| 001 | E150957 | ||
| 005 | 20250819154323.0 | ||
| 008 | 100916s2009 xxk f 100 0 eng d | ||
| 020 | _a9781842195192 | ||
| 035 | _a(Sirsi) u150957 | ||
| 041 | 0 | _aeng | |
| 100 | 1 | _aIsa, Haryati Mohd | |
| 111 | 2 |
_aConstruction and Building Research Conference _cUniversity of Cape Town _d10-11 September 2009 |
|
| 245 | 0 | 0 |
_aConception of disputes amongst Malaysian quantity surveyors _h[electronic resource] |
| 260 |
_aLondon _bRICS _c2009 |
||
| 520 | _aA paper presented at the COBRA Conference in Cape Town on 10-11 September 2009. | ||
| 590 | _aKA | ||
| 650 | 2 | 4 | _aCONSTRUCTION AND BUILDING RESEARCH CONFERENCE (COBRA) |
| 651 | 4 |
_aMalaysia _y1965- |
|
| 690 |
_aQuantity surveying _96263 |
||
| 700 | 1 | _aHassan, Padzil | |
| 700 | 1 | _aMohd, Fisal Ishak | |
| 700 | 1 | _aOthman, Mohd Nor | |
| 856 | 4 | 0 |
_uhttps://www.rics.org/site/scripts/download_info.aspx?fileID=5070&categoryID=524 _zbroken link - not available |
| 942 |
_n0 _2ddc |
||
| 999 |
_c111056 _d111056 |
||